| 000 | 00691cam a2200229 i 4500 | ||
|---|---|---|---|
| 999 |
_c8992 _d8992 |
||
| 001 | 3195031 | ||
| 003 | GBCCL | ||
| 005 | 20241126110703.0 | ||
| 008 | 780516s1977 ilu 000 0 eng | ||
| 010 | _a 77075896 | ||
| 020 |
_a0882075012 : _c$1.50 |
||
| 040 |
_aDLC _cDLC _dDLC |
||
| 050 | 0 | 0 |
_aBS1605.2 _b.B64 |
| 082 | 0 | 0 |
_a224.9206 _bBOI |
| 100 | 1 |
_aBoice, James Montgomery, _d1938-2000. _91564 |
|
| 245 | 1 | 0 |
_aCan you run away from God? / _cJames M. Boice. |
| 260 |
_aWheaton, Ill. : _bVictor Books, _cc1977. |
||
| 300 |
_a96 p. ; _c18 cm. |
||
| 630 | 0 | 0 |
_aBible. _pJonah _xCriticism, interpretation, etc. _915721 |
| 906 |
_a7 _bcbc _corignew _d2 _eopcn _f19 _gy-gencatlg |
||
| 942 |
_2ddc _cBK _02 |
||